Nhận thức về hạnh phúc gia đình và xu hướng hành vi lựa chọn bạn đời của sinh viên trường cao đẳng sư phạm Thái Bình

Cơ sở lý luận của đề tài. Tổ chức và phương pháp nghiên cứu. Kết quả nghiên cứu nhận thức về hạnh phúc gia đình và xu hướng hành vi lựa chọn bạn đời của sinh viên trường cao đẳng sư phạm Thái Bình

Guardado en:
Detalles Bibliográficos
Autor principal: Trần, Thị Hoa
Otros Autores: Phạm, Thị Mơ Th.S (Hướng dẫn)
Formato: Libro
Lenguaje:Vietnamese
Publicado: Đại học Đà Nẵng Trường đại học Sư Phạm 2009
Colección:Khóa luận tốt nghiệp đại học. Chuyên ngành: Cử nhân Tâm lý học
Materias:
Etiquetas: Agregar Etiqueta
Sin Etiquetas, Sea el primero en etiquetar este registro!
Thư viện lưu trữ: Mạng thư viện Đại học Đà Nẵng
LEADER 01674nam a2200349 4500
001 000012266
003 8560
005 20120217090208.0
008 120217s2009 viesd
041 |a vie 
072 |a Khóa luận tốt nghiệp 
082 |a 152.41088  |b TR-H 
100 |a Trần, Thị Hoa 
245 |a Nhận thức về hạnh phúc gia đình và xu hướng hành vi lựa chọn bạn đời của sinh viên trường cao đẳng sư phạm Thái Bình  |c Trần, Thị Hoa 
260 |a Đại học Đà Nẵng  |b Trường đại học Sư Phạm  |c 2009 
300 |a 103 tr.  |c 29 cm 
490 |a Khóa luận tốt nghiệp đại học. Chuyên ngành: Cử nhân Tâm lý học 
500 |a Tham khảo + phụ lục [8 tr.] 
520 |a Cơ sở lý luận của đề tài. Tổ chức và phương pháp nghiên cứu. Kết quả nghiên cứu nhận thức về hạnh phúc gia đình và xu hướng hành vi lựa chọn bạn đời của sinh viên trường cao đẳng sư phạm Thái Bình 
653 |a Khóa luận tốt nghiệp đại học 
653 |a Khoa Tâm lý - Giáo dục 
700 |a Phạm, Thị Mơ  |c Th.S  |e Hướng dẫn 
OWN |a LSP 
AVA |a UDN50  |b LSP  |d 152.41088 TR-H  |e available  |t Error 5001 Not defined in file expand_doc_bib_avail.  |f 1  |g 0  |h N  |i 0  |k 1 
999 |a From the UDN01 
AVA |a UDN50  |b LSP  |d 152.41088 TR-H  |e available  |t Error 5001 Not defined in file expand_doc_bib_avail.  |f 1  |g 0  |h N  |i 0  |k 1 
TYP |a Monograph 
TYP |a Printed language 
980 |a Mạng thư viện Đại học Đà Nẵng